Normal view
MARC view
Entry Topical Term
001 - CONTROL NUMBER
- control field: 1273994
003 - CONTROL NUMBER IDENTIFIER
- control field:
005 - DATE AND TIME OF LATEST TRANSACTION
- control field: 20210629130820.0
008 - FIXED-LENGTH DATA ELEMENTS
- fixed length control field: 210629|| aca||aabn | a|a d
040 ## - CATALOGING SOURCE
- Original cataloging agency:
- Transcribing agency:
150 ## - HEADING--TOPICAL TERM
- Topical term or geographic name entry element: Sermons
- Geographic subdivision: Italy
670 ## - SOURCE DATA FOUND
- Source citation: Work cat.: ()1338654: Michelson, Emily. 1273992, The pulpit and the press in Reformation Italy, c2013.
